000 00978cam a2200265 a 4500
001 000017989
005 20200929165315.0
008 050818s2002 pr b 000 0 spa d
020 _a1881715736
040 _aDO-SdBNP
_bspa
_cDLC
_dBNPHU
082 _a808.3
_bG216At
100 1 _aAquino Pérez, Alexis,
_d1968-
_938999
245 1 0 _aTragedia y ficción legal en Crónica de una muerte anunciada /
_cAlexis Aquino Pérez.
260 _a[Puerto Rico] :
_bFundación Puertorriqueña de las Humanidades,
_c2002.
300 _a102 p. ;
_c24 cm.
490 1 _aDr. Arturo Morales Carrión
504 _aIncluye referencias bibliográficas (p. 98-102).
600 1 4 _aGARCÍA MÁRQUEZ, GABRIEL,
_d1928-
_tCRÓNICA DE UNA MUERTE ANUNCIADA
_939000
600 1 4 _aARISTÓTELES
_xCRÍTICA E INTERPRETACIÓN
_939001
650 4 _aRetórica
_96217
650 4 _aTragedia
_939002
830 0 _aDr. Arturo Morales Carrión
_98826
910 _aCatalogación por copia / LC
049 _aBNGR
999 _c17511
_d17511